Statistiques concernant Devinez 5 pays en 3:00

Cliquez ici pour prendre le quiz!

Statistiques générales

  • Ce quiz a été pris 474 fois
  • Le résultat moyen est 3 sur 5

Statistiques - réponses

AnecdotePays% Correct
C'est le plus grand pays du Moyen-OrientArabie saoudite
100%
C'est le plus grand pays d'OcéanieAustralie
100%
C'est le pays avec le plus d'habitants au mondeChine
100%
Il y a plus de pistolets que d'habitants dans ce paysÉtats-Unis
100%
C'est le pays avec le plus de touristes au mondeFrance
100%
C'est le seul pays au monde qui commence par la lettre QQatar
100%
C'est le pays avec la plus vielle reine au mondeRoyaume-Uni
100%
C'est le pays le plus grand du mondeRussie
100%
C'est le seul pays au monde qui commence par la lettre YYémen
100%
Les spaghettis ont été inventé dans ce paysItalie
94%
C'est le pays avec le plus grand carnaval au mondeBrésil
93%
C'est le plus petit pays du mondeVatican
92%
C'est le pays le plus froid au mondeCanada
91%
C'est le 2ème pays avec le plus d'habitants au mondeInde
90%
Ce pays a le seul drapeau au monde qui n'est pas en forme de carré ou de rectangleNépal
89%
C'est le seul pays au monde qui a plus de 3 capitalesAfrique du sud
83%
C'est le 2ème plus petit du mondeMonaco
83%
C'est le plus grand pays parlant Espagnol au mondeMexique
82%
C'est le plus grand pays nordiqueSuède
82%
C'est le plus grand pays d'AfriqueAlgérie
78%
C'est le pays avec la plus grande ville du mondeJapon
78%
C'est le pays le plus triste d'EuropeUkraine
71%
Le désert le plus grand au monde se retrouve dans ce paysMaroc
67%
C'est le pays le plus heureux au mondeFinlande
58%
C'est le pays le plus pollué au mondeBangladesh
57%
C'est le seul pays asiatique colonisé par l'EspagnePhilippines
57%
C'est le plus grand pays d'Amérique centraleHonduras
56%
Ce pays est souvent considéré comme une Prison géanteCorée du nord
50%
Les Legos ont été inventés dans ce paysDanemark
50%
C'est le plus petit pays du Moyen-OrientLiban
50%
C'est le pays qui a son indépendance le plus récemment d'EuropeMonténégro
45%
Ce pays fait partit des 2 seul pays ou le Coca-Cola est banniCuba
44%
C'est le pays qui, géorgraphiquement, a la forme la plus carréeÉgypte
44%
C'est le plus petit pays d'AfriqueSeychelles
44%
C'est le seul pays Européen qui fait partit du Moyen-OrientChypre
40%
C'est le pays le plus riche au mondeLuxembourg
40%
C'est le plus petit pays d'OcéanieNauru
33%
C'est le pays qui a son indépendance le plus récemment au mondeSoudan du sud
30%
C'est le seul pays de l'Union Européenne qui fait pas partir de l'OTANAutriche
29%
C'est le pays avec le plus de volcans au mondeIndonésie
29%
C'est la plus grande île du mondeGroenland
25%
C'est le pays le plus triste au mondeAfghanistan
17%
C'est le seul pays au monde sans arméeCosta rica
14%
C'est le pays qui a son indépendance le plus récemment d'AsieTimor-Leste
14%
C'est le pays qui a la capitale avec le plus de touristes au mondeThaïlande
9%
C'est le pays le plus intelligent au mondeSingapour
7%
Le yoyo a été inventé dans ce paysGrèce
0%
C'est le 2ème pays avec la plus grande bordure au mondeNorvège
0%
Ce pays a plus de pyramides que l'ÉgypteSoudan
0%
Ce pays a l'ascenseur le plus rapide au mondeTaïwan
0%
C'est le 2ème pays le plus pollué du mondeTchad
0%

Distribution des résultats

Percentile par nombre de réponses

% des personnes avec chaque résultat

Votre développement - résultats

Vous n’avez pas pris ce quiz